000 00367nam a22001697a 4500
003 OSt
005 20210907101905.0
008 210907b |||||||| |||| 00| 0 eng d
020 _a8171419801
040 _cHU
050 _a571.63329/MIS
100 _a201
_91916
245 _aMORPHOLOGY
260 _aDISCOVERY
_bNEW DELHI
300 _a201
942 _2ddc
_cBOOKS
_n0
999 _c2321
_d2321